Monarchies of North America Map Quiz - Statistics

General Stats
  • This quiz has been taken 60 times
  • The average score is 8 of 10
Answers on the Map
Answers color-coded by a green-red scale on the quiz's map according to % correct below.
 
Answer Stats
Answer % Correct
Canada
98%
Bahamas
93%
Belize
93%
Jamaica
89%
Antigua and Barbuda
78%
Barbados
73%
St Vincent and the Grenadines
67%
Grenada
64%
St Kitts and Nevis
60%
St Lucia
60%
No matching quizzes found
Score Distribution
Percent of People with Each Score
Percentile by Number Answered
Your Score History
You have not taken this quiz